Czy rozpoznasz piłkarza Chelsea po jego transferze? 2022/23 - Statystyki

Ogólne statystyki
  • Ten quiz został rozwiązany 146 razy
  • Średni wynik to 16 z 32
Statystyki odpowiedzi
Transfer Zawodnik % Poprawnych
Leicester City ---> Chelsea FC Transfer: 16 lip 2016 N'Golo Kanté
91%
RB Leipzig ---> Chelsea FCTransfer: 1 lip 2020 Timo Werner
89%
Athletic Bilbao ---> Chelsea FCTransfer: 8 sie 2018 Kepa Arrizabalaga
87%
Borussia Dortmund ---> Chelsea FC Transfer: 30 cze 2019 Christian Pulisic
85%
SSC Napoli ---> Chelsea FC Transfer: 14 lip 2018 Jorginho
85%
Bayer 04 Leverkusen ---> Chelsea FCTransfer: 4 wrz 2020 Kai Havertz
80%
Stade Rennais FC ---> Chelsea FC Transfer: 24 wrz 2020 Edouard Mendy
74%
Derby County ---> Chelsea FC Koniec wypożyczenia: 1 lip 2019 Mason Mount
72%
Manchester City ---> Chelsea FC Transfer: 13 lip 2022 Raheem Sterling
71%
FC Paris Saint-Germain ---> Chelsea FCTransfer: 28 sie 2020 Thiago Silva
68%
Ajax Amsterdam ---> Chelsea FC Transfer: 1 lip 2020 Hakim Ziyech
63%
Chelsea U23 ---> Chelsea FC Wprowadzenie do drużyny seniorskiej: 1 lip 2019 Reece James
62%
SSC Napoli ---> Chelsea FCTransfer: 16 lip 2022 Kalidou Koulibaly
61%
Real Madryt ---> Chelsea FCTransfer: 1 lip 2019 Mateo Kovacic
56%
Leicester City ---> Chelsea FC Transfer: 26 sie 2020 Ben Chilwell
54%
Olympique Marseille ---> Chelsea FC Transfer: 24 sie 2012 César Azpilicueta
54%
Crystal Palace ---> Chelsea FCKoniec wypożyczenia: 1 lip 2022 Conor Gallagher
51%
FC Fulham ---> Chelsea FCKoniec wypożyczenia: 31 maj 2021 Ruben Loftus-Cheek
42%
FC Porto ---> Chelsea FC Koniec wypożyczenia: 30 cze 2021 Malang Sarr
38%
AC Fiorentina ---> Chelsea FCTransfer: 31 sie 2016 Marcos Alonso
37%
FC Lorient ---> Chelsea FCKoniec wypożyczenia: 1 lip 2021 Trevoh Chalobah
37%
Aston Villa ---> Chelsea FCKoniec wypożyczenia: 31 maj 2021 Ross Barkley
33%
Olympique Lyon ---> Chelsea FCKoniec wypożyczenia: 30 cze 2022 Emerson
31%
FC Southampton ---> Chelsea FC Koniec wypożyczenia: 1 lip 2022 Armando Broja
30%
Venezia FC ---> Chelsea FCKoniec wypożyczenia: 30 cze 2022 Ethan Ampadu
30%
Flamengo ---> Chelsea FCKoniec wypożyczenia: 13 sty 2022 Kenedy
30%
Chelsea U23 ---> Chelsea FCWprowadzenie do drużyny seniorskiej: 1 sty 2019 Callum Hudson-Odoi
29%
Norwich City ---> Chelsea FCKoniec wypożyczenia: 31 maj 2022 Billy Gilmour
28%
Besiktas JK ---> Chelsea FC Koniec wypożyczenia: 30 cze 2022 Michy Batshuayi
26%
FC Fulham ---> Chelsea FC Transfer: 28 lip 2021 Marcus Bettinelli
12%
FC Reading ---> Chelsea FCKoniec wypożyczenia: 31 maj 2022 Abdul-Rahman Baba
9%
Deportivo Alavés ---> Chelsea FC Koniec wypożyczenia: 30 cze 2022 Matt Miazga
7%
Nie znaleziono quizów pasujących do podanych kryteriów
Rozkład punktacji
Procent ludzi z każdym wynikiem
Percentyl według liczby udzielonych odpowiedzi
Twoja historia wyników
Nie rozwiązałeś tego quizu